Visualizzazione normale
Vista MARC
- Monge Attilio
di Personal Name
Records bibliografici associati: 1
001 - CONTROL NUMBER
- control field: 55285
003 - CONTROL NUMBER IDENTIFIER
- control field: IT-RoPau
005 - DATE AND TIME OF LATEST TRANSACTION
- control field: 20151204093525.0
008 - FIXED-LENGTH DATA ELEMENTS
- fixed length control field: 151204|| aca||aabn | a|a d
040 ## - CATALOGING SOURCE
- Original cataloging agency: IT-RoPau
- Transcribing agency: IT-RoPau
100 ## - HEADING--PERSONAL NAME
- Personal name: Monge Attilio
- Miscellaneous information: Codice regista SPICS: 3643
670 ## - SOURCE DATA FOUND
- Source citation: Work cat.: (IT-RoPau)108320: Monge Attilio Codice regista SPICS: 3643, SANTA MESSA DALLA BASILICA DI SAN MARCO IN MILANO (RAI, 24 GENNAIO 1993) SANTA MESSA DALLA BASILICA DI SAN MARCO IN MILANO (RAI, 24 GENNAIO 1993) (Rif. Codice opera principale : B7424)